Name the Relocated Capitals of the World since 1900 - Statistics

General Stats
  • This quiz has been taken 81 times
  • The average score is 16 of 23
Answer Stats
Year Country Former Capital % Correct
1918 Russia St Petersburg
100%
1923 Turkey Istanbul
100%
1961 Brazil Rio de Janeiro
99%
1970 Belize Belize City
97%
1950 Israel Tel Aviv
96%
1991 Nigeria Lagos
96%
1958 Pakistan Karachi
91%
2005 Myanmar Yangon (Rangoon)
83%
2011 South Sudan Juba
83%
1997 Kazakhstan Almaty (Alma Ata and Verny)
75%
1949 Indonesia Yogyakarta
72%
1960 Pakistan Rawalpindi
71%
1930 Uzbekistan Samarkand
68%
1983 Côte d'ivoire Abidjan
67%
1939 Lithuania Kaunas
65%
1975 Laos Luang Prabang (Louangphrabang)
58%
1946 Montenegro Cetinje
49%
1970 Oman Salalah
48%
1907 Bhutan Punakha
45%
1965 Botswana Mafeking (Mafikeng)
45%
1974 Guinea-Bissau Madina do Boe (Boe)
43%
2006 Palau Koror
36%
1974 Malawi Zomba
35%
No matching quizzes found
Score Distribution
Percent of People with Each Score
Percentile by Number Answered
Your Score History
You have not taken this quiz